First certificate practice tests. t.II /
Shranjeno v:
| Glavni avtor: | |
|---|---|
| Drugi avtorji: | |
| Format: | Sách giấy |
| Jezik: | English |
| Izdano: |
New York :
Oxford University Press,
1997.
|
| Teme: | |
| Oznake: |
Označite
Brez oznak, prvi označite!
|
| Thư viện lưu trữ: | Thư viện Trường Đại học Đà Lạt |
|---|
| LEADER | 00790nam a2200325 4500 | ||
|---|---|---|---|
| 001 | DLU110120632 | ||
| 005 | ##20110505 | ||
| 040 | # | # | |a DLU |b vie |
| 041 | # | # | |a eng |
| 044 | # | # | |a vn |
| 082 | # | # | |a 428 |b HA-M |
| 100 | # | # | |a Harrison, Mark. |
| 245 | # | # | |a First certificate practice tests. |n t.II / |c Mark Harrison, Rosalie Kerr. |
| 260 | # | # | |a New York : |b Oxford University Press, |c 1997. |
| 300 | # | # | |a 160 tr. ; |c 27 cm. |
| 653 | # | # | |a English language |
| 653 | # | # | |a Textbooks for foreign speakers |
| 700 | # | # | |a Kerr, Rosalie. |
| 923 | # | # | |a 01/2011NN |
| 990 | # | # | |a t.II |
| 991 | # | # | |a GT |
| 992 | # | # | |a 63000 |
| 994 | # | # | |a KNN |
| 900 | # | # | |a True |
| 911 | # | # | |a Đào Thị Thu Huyền |
| 925 | # | # | |a G |
| 926 | # | # | |a A |
| 927 | # | # | |a SH |
| 980 | # | # | |a Thư viện Trường Đại học Đà Lạt |